书目信息 |
| 题名: |
中华民族道德生活史
|
|
| 作者: | 唐凯麟, , 邓名瑛, 主编 | |
| 分册: | 魏晋南北朝卷 | |
| 出版信息: | 上海 东方出版中心 2015 |
|
| 页数: | 309页 | |
| 开本: | 25cm | |
| 丛书名: | ||
| 单 册: | ||
| 中图分类: | B82-092 | |
| 科图分类: | ||
| 主题词: | 伦理学--lun li xue--思想史--研究--中国 , 伦理思想--lun li si xiang--思想史--研究--中国--魏晋南北朝时代 | |
| 电子资源: | ||
| ISBN: | 978-7-5473-0902-5 | |
| 000 | 01328nam 2200289 450 | |
| 001 | 1729455686 | |
| 005 | 20170404153914.95 | |
| 010 | @a978-7-5473-0902-5@b精装@dCNY63.00 | |
| 100 | @a20160128d2015 em y0chiy50 ea | |
| 101 | 0 | @achi |
| 102 | @aCN@b310000 | |
| 105 | @ay a 001yy | |
| 106 | @ar | |
| 200 | 1 | @a中华民族道德生活史@Azhong hua min zu dao de sheng huo shi@f唐凯麟主编@i魏晋南北朝卷@f邓名瑛著 |
| 210 | @a上海@c东方出版中心@d2015 | |
| 215 | @a309页@d25cm | |
| 300 | @a“十二五”国家重点图书出版规划项目 国家出版基金资助项目 国家社会科学基金重点项目等 | |
| 320 | @a有书目 (第283-289页)和索引 | |
| 330 | @a本书稿以魏晋南北朝时期特有的政治、经济、思想文化环境为背景, 全面梳理了这一时期道德生活的发展状况及其特点, 主要内容包括: 这一时期的政治道德生活; 婚姻家庭中的道德状况; 礼制、习俗及其反映的道德生活; 职业分工所分别展现的道德生活; 三教对立与融通下的宗教道德生活等, 展示了魏晋南北朝时期道德生活的基本状况及其相互关系和历史走向。 | |
| 517 | 1 | @a魏晋南北朝卷@Awei jin nan bei chao juan |
| 606 | 0 | @a伦理学@Alun li xue@x思想史@x研究@y中国 |
| 606 | 0 | @a伦理思想@Alun li si xiang@x思想史@x研究@y中国@z魏晋南北朝时代 |
| 690 | @aB82-092@v5 | |
| 701 | 0 | @a唐凯麟,@Atang kai lin@f1938-@4主编 |
| 701 | 0 | @a邓名瑛,@Adeng ming ying@f1963-@4著 |
| 801 | 0 | @aCN@b三新书业@c20160128 |
| 905 | @aBZT@dB82-092@e1-3 | |
| 中华民族道德生活史/唐凯麟主编.魏晋南北朝卷/邓名瑛著.-上海:东方出版中心,2015 |
| 309页;25cm |
| “十二五”国家重点图书出版规划项目 国家出版基金资助项目 国家社会科学基金重点项目等 |
| ISBN 978-7-5473-0902-5(精装):CNY63.00 |
| 本书稿以魏晋南北朝时期特有的政治、经济、思想文化环境为背景, 全面梳理了这一时期道德生活的发展状况及其特点, 主要内容包括: 这一时期的政治道德生活; 婚姻家庭中的道德状况; 礼制、习俗及其反映的道德生活; 职业分工所分别展现的道德生活; 三教对立与融通下的宗教道德生活等, 展示了魏晋南北朝时期道德生活的基本状况及其相互关系和历史走向。 |
| ● |
| 相关链接 |
|
|
|
正题名:中华民族道德生活史
索取号:B82-092/1-3
 
预约/预借
| 序号 | 登录号 | 条形码 | 馆藏地/架位号 | 状态 | 备注 |
| 1 | 826187 | 2000826187 | 第二书库/ [索取号:B82-092/1-3] | 在馆 | |
| 2 | 826188 | 2000826188 | 第二书库/ [索取号:B82-092/1-3] | 在馆 | |
| 3 | 826189 | 2000826189 | 第二书库/ [索取号:B82-092/1-3] | 在馆 |